Kabale University Library Catalogue

Political argument : (Record no. 6001)

MARC details
000 -LEADER
fixed length control field 00832pam a2200241 a 4500
001 - CONTROL NUMBER
control field 3417482
003 - CONTROL NUMBER IDENTIFIER
control field OSt
005 - DATE AND TIME OF LATEST TRANSACTION
control field 20260205111126.0
008 - FIXED-LENGTH DATA ELEMENTS--GENERAL INFORMATION
fixed length control field 900427r19901965cau b s001 0 eng
020 ## - INTERNATIONAL STANDARD BOOK NUMBER
International Standard Book Number 0520070496
020 ## - INTERNATIONAL STANDARD BOOK NUMBER
International Standard Book Number 0520070518
Qualifying information pbk.
040 ## - CATALOGING SOURCE
Original cataloging agency KABLIB
Transcribing agency KABLIB
Language of cataloging eng
082 00 - DEWEY DECIMAL CLASSIFICATION NUMBER
Classification number 320
Edition number 23
Item number BAR
100 1# - MAIN ENTRY--PERSONAL NAME
Personal name Barry, Brian,
9 (RLIN) 15150
245 10 - TITLE STATEMENT
Title Political argument :
Remainder of title a reissue with new introduction /
Statement of responsibility, etc. Brian Barry.
260 ## - PUBLICATION, DISTRIBUTION, ETC.
Place of publication, distribution, etc. Berkeley :
Name of publisher, distributor, etc. University of California Press,
Date of publication, distribution, etc. c1990.
300 ## - PHYSICAL DESCRIPTION
Extent lxxiv, 360 p. ;
Dimensions 23 cm.
440 #0 - SERIES STATEMENT/ADDED ENTRY--TITLE
Title California series on social choice and political economy ;
Volume/sequential designation 20
9 (RLIN) 15151
500 ## - GENERAL NOTE
General note Reprint. Originally published: New York : Humanities Press, 1965.
504 ## - BIBLIOGRAPHY, ETC. NOTE
Bibliography, etc. note Includes bibliographical references (p. 331-340) and index.
650 #0 - SUBJECT ADDED ENTRY--TOPICAL TERM
Topical term or geographic name entry element Political science.
942 ## - ADDED ENTRY ELEMENTS (KOHA)
Source of classification or shelving scheme Dewey Decimal Classification
Koha item type Book
Holdings
Withdrawn status Lost status Source of classification or shelving scheme Damaged status Not for loan Home library Current library Shelving location Date acquired Source of acquisition Total Checkouts Full call number Barcode Date last seen Price effective from Koha item type
    Dewey Decimal Classification     Mukombe Library Mukombe Library Open Access Section 05.02.2026 Donation   320 BAR 14523 05.02.2026 05.02.2026 Book

Kabale University Library | Kabale University P.O Box 317, Kabale, Uganda
Tel : +256754017033, +256774661503 E-mail : library@kab.ac.ug